Statistics for Ultimate Geography Quiz Letter:A

Click here to take the quiz!

General Stats

  • This quiz has been taken 34 times
  • The average score is 43 of 100

Answer Stats

HintAnswer% Correct
Lake Constance is shared by
Germany,Switzerland and ____
Austria
100%
Africa's largest countryAlgeria
93%
The A in NATOAtlantic
93%
Was a penal colony for the
British
Australia
93%
The famous lighthouse of this city
was destroyed in 1480 from an
earthquake
Alexandria
90%
Largest ContinentAsia
87%
Lake Titicaca is in this mountain
range
Andes
83%
Of the 11 Antarctic born babies,
8 were from this country
Argentina
83%
Home to the busiest airportAtlanta
83%
The Only Co-principalityAndorra
80%
Montgomery Is the CapitalAlabama
77%
second largest turkish cityAnkara
77%
Rum is the main alcoholAntigua
77%
Cuba and Hispaniola are apart
of the Greater _______
Antilles
77%
Europe's youngest mountain
range
Alps
73%
Most famous military cemetaryArlington
73%
Capital of JordanAmman
70%
'The river of the black dragon'Amur
70%
Cheese dip was invented hereArkansas
70%
Last name of Syria's presidentAssad
70%
Europe's oldest capital cityAthens
70%
This country has bunkers built all
over in case of an invasion
Albania
67%
First country to adopt christianityArmenia
67%
Has the lowest crime rate In the
Carribean
Aruba
67%
Sea In between the Italian and
Balkan penisulas
Adriatic Sea
63%
This country has had 26 different
flags in its history
Afghanistan
63%
Cycling capital of the worldAmsterdam
63%
70% of the population is under
the age of 24
Angola
63%
Roman engineering that brought
water from the mountains
Aquaduct
63%
tallest uninterupted waterfallAngel falls
60%
The diamond center of the worldAntwerp
60%
Bikini,midway,Johnston,Funafuti,etcAtoll
60%
Most Famous concentration campAuschwitz
60%
Pancakes are the national dishAzerbaijan
60%
Sea where aegeus drowned himselfAegean
57%
New York's CapitalAlbany
57%
Last name of Africa's most famous
dictator
Amin
57%
Disneyland is hereAnaheim
57%
The State motto is 'god enriches'Arizona
57%
16th president and one of the faces
on mount rushmore
Abraham Lincoln
53%
9% of the sub Saharan African
population suffers from this
Aids
53%
The Kenai river is found hereAlaska
53%
Samoa's capitalApia
53%
Renamed to Nur-SultanAstana
53%
Yemeni port cityAden
50%
Paraguay's CapitalAsuncion
50%
Portuguese islands in the
Macaronesia region of the atlantic
Azores
50%
Longest Stream Entirely within
Switzerland
Aare
47%
Côte d’Ivoire's economic capitalAbidjan
47%
Northernmost city of the U.S.Anchorage
47%
Smallest of the oceansArctic Ocean
47%
Ethiopia's former nameAbyssinia
43%
Developed by Dutch settlers in
South Africa
Afrikaans
43%
Who two continents are named
after
Amerigo Vespucci
43%
Shrinking lake in central AsiaAral sea
43%
Mexican empire conquered by
the Spanish empire
Aztec Empire
43%
French southern and ______
Lands
Antarctic
40%
Former name of UluruAyers rock
40%
Hawaii's nicknameAloha State
33%
Home to 10% of known species on
the planet
Amazon Rainforest
33%
Piram Island is in this seaArabian
33%
Famous army base suspected of
housing aliens
Area 51
33%
There were only nineteen survivors
of this battle
Alamo
30%
Osama bin laden founded this
terrorist orginazation
Al Qaeda
30%
_____ and nicobar islandsAndaman
30%
Became capital in 1991Abuja
27%
'Finfinne' in OromoAddis Ababa
27%
Another name for the Church of
England
Anglican Church
27%
Malay is the largest example of
these island formations
Archipelago
27%
Home of the Liverpool F.C.Anfield
23%
Where Hillbillies are fromAppalachians
23%
Zaragoza is the capitalAragon
23%
Site of Kotoka national airportAccra
20%
Muammar Gaddafi founded this
Union
African Union
17%
Named After Queen Victoria's
fourth daughter
Alberta
17%
Formerly called WaterlooAustin
17%
The battle that dissolved the
Holy Roman Empire
Austerlitz
13%
City Designed by a japanese
architect
Abu Dhabi
10%
This Semitic language uses
Ge'ez script
Amharic
10%
Where the german army got around the
Maginot Line
Ardenne
10%
Sokhumi is the capitalAbkhazia
7%
Hometown of Gautum AdaniAhmadabad
7%
Westernmost portion of the
Mediterranean
Alboran Sea
7%
National bird of ColombiaAndean Condor
7%
Translates to 'Place of 1000
warriors'
Antananarivo
7%
Isolated volcanic island owned by
the British
Ascension Island
7%
Home of the Sky TowerAuckland
7%
Cyprus's party islandAyia Napa
7%
Arayik Harutyunyan is the
president
Artsakh
3%
Nigerian president's vilaAso
3%
These people were experts in
siege warfare
Assyrians
3%
Spoken language in northern UgandaAcholi
0%
According to Ethiopian tradition, the
Ark of the Covenent is preserved here
Aksum
0%
City founded by PhoeniciansAlgeirs
0%
National mammal of the U.S.American bison
0%
Scrub Island is found hereAngulla
0%
Private university in Montgomery County,
Pennsylvania
Arcadia University
0%
Location of the final allies WW1
offensive before the armistice
Argonne Forest
0%
Tenerife's capitalArona
0%
The Port where Martin Bryant Killed
35 and injured 23
Arthur
0%

Score Distribution

Percentile by Number Answered

Percent of People with Each Score

Your Score History

You have not taken this quiz